Advanced engineering mathematics (Record no. 2354)

000 -LEADER
fixed length control field 00457nam a22001937a 4500
001 - CONTROL NUMBER
control field 2354
003 - CONTROL NUMBER IDENTIFIER
control field BD-DhUET
008 - FIXED-LENGTH DATA ELEMENTS--GENERAL INFORMATION
fixed length control field 140922b xxu||||| |||| 00| 0 eng d
020 ## - INTERNATIONAL STANDARD BOOK NUMBER
International Standard Book Number 8121903459
040 ## - CATALOGING SOURCE
Transcribing agency 0
Modifying agency BD-DhUET
082 ## - DEWEY DECIMAL CLASSIFICATION NUMBER
Classification number 510
Item number DAS/2007
100 ## - MAIN ENTRY--PERSONAL NAME
Personal name Dass, H.K.
245 ## - TITLE STATEMENT
Title Advanced engineering mathematics
250 ## - EDITION STATEMENT
Edition statement 17th Rev. ed.
260 ## - PUBLICATION, DISTRIBUTION, ETC. (IMPRINT)
Place of publication, distribution, etc. Ram Nagar
Name of publisher, distributor, etc. S. Chand.
Date of publication, distribution, etc. 2007
300 ## - PHYSICAL DESCRIPTION
Extent xvi,1274p.
650 #0 - SUBJECT ADDED ENTRY--TOPICAL TERM
Topical term or geographic name as entry element Mathematics
942 ## - ADDED ENTRY ELEMENTS (KOHA)
Koha item type General Book
Holdings
Price effective from Koha normalized classification for sorting Location (home branch) Koha item type Koha issues (times borrowed) Koha date last seen Koha date last borrowed Source of classification or shelving scheme Sublocation or collection (holding branch) Copy number Koha out on loan Withdrawn status Not for loan Koha full call number Date acquired Shelving location Piece designation (barcode) Damaged status Lost status
2014-09-22510DAS2007Central Library, BUETGeneral Book32023-05-062022-11-23 Central Library, BUET1   510/DAS/20072014-09-22Circulation section103924  
2014-09-22510DAS2007Central Library, BUETGeneral Book62026-01-132026-01-13 Central Library, BUET22026-01-27  510/DAS/20072014-09-22Circulation section103925  
2014-09-22510DAS2007Central Library, BUETGeneral Book42025-02-102024-12-01 Central Library, BUET3   510/DAS/20072014-09-22Circulation section103927  
2014-09-22510DAS2007Central Library, BUETGeneral Book32023-06-052023-03-22 Central Library, BUET4   510/DAS/20072014-09-22Circulation section103928  
2014-09-22510DAS2007Central Library, BUETGeneral Book12016-02-242014-11-12 Central Library, BUET5   510/DAS/20072014-09-22Circulation section103929  
2014-09-22510DAS2007Central Library, BUETGeneral Book22023-02-282023-01-11 Central Library, BUET7   510/DAS/20072014-09-22Circulation section103931  
2014-09-22510DAS2007Central Library, BUETGeneral Book32026-05-092026-04-15 Central Library, BUET6   510/DAS/20072014-09-22Circulation section103930  
2015-01-26510_000000000000000_DAS_2007Central Library, BUETGeneral Book22019-03-312019-01-20 Central Library, BUET8   510/DAS/20072015-01-26Circulation section103922  
2015-09-01510DAS_2007_000000000000000Central Library, BUETGeneral Book22025-04-072025-03-02 Central Library, BUET9   510DAS/20072015-09-01Circulation section103923  
2017-05-29510_000000000000000_DAS_2007Central Library, BUETGeneral Book112024-11-242024-11-24 Central Library, BUET102024-12-08  510/DAS/20072007-05-28Circulation section103926